| 000 | 01289cam a22003497a 4500 | ||
|---|---|---|---|
| 003 | CHAP | ||
| 005 | 20220329142553.0 | ||
| 008 | 011203d2001 mx b r 00110 spa d | ||
| 010 | _a85082 | ||
| 011 | _a86054 | ||
| 035 | _a96592 | ||
| 040 | _cCHAP | ||
| 090 | _aTesis | ||
| 100 | 0 | 0 |
_aSánchez Meraz, José Alfredo. _9107703 |
| 245 | 1 | 0 |
_aSeroprevalencia de brucelocis en cabras del Centro Nacional de Fomento Caprino de Tlahualillo, Dgo. _c/por José Alfredo Sánchez Meraz |
| 260 |
_aChapingo, Méx. : _bEl autor, _c2001. |
||
| 300 |
_a39 h. : _bmapa |
||
| 502 | _aTesis (Ing. Agr. en Sistémas Pecuarios de Zonas Áridas) -- UACH Unidad Regional Universitaria de Zonas Áridas | ||
| 590 |
_aALEPH _b10 _c20130110 _lUCH01 _h1444 |
||
| 590 |
_aBATCH-UPD _b10 _c20130110 _lUCH01 _h0826 |
||
| 590 |
_aBATCH-UPD _b10 _c20130410 _lUCH01 _h0504 |
||
| 590 |
_aBATCH-UPD _b10 _c20130914 _lUCH01 _h0753 |
||
| 590 |
_aCONVERSION _b10 _c20130109 _lUCH01 _h1347 |
||
| 650 | 1 | 4 |
_aBrucelosis. _915734 |
| 650 | 1 | 4 |
_aGanado cabrío _xDurango. _945004 |
| 650 | 1 | 4 |
_aGanado cabrío _xEnfermedades. _945007 |
| 901 | _aBK | ||
| 905 | _aMayto Villalobos S. | ||
| 942 | _cFOLL | ||
| 949 |
_aTesis _bBC _cTES _d33724000858908 _eTS2 _fc.2 _h38748 _i96592 _sb |
||
| 949 |
_aTesis _bBC _cTES _d965921 _eTS2 _h38747 _i96592 _sb |
||
| 999 |
_c85082 _d85082 |
||